| 000 | 00402nam a2200133Ia 4500 | ||
|---|---|---|---|
| 008 | 231129s2010||||xx |||||||||||||| ||spa|| | ||
| 020 | _a978-958-35-0767-0 | ||
| 040 | _bspa | ||
| 082 | _a(EN PROCESO DE DESCARTE) 343.04861 E79 2010 | ||
| 245 | 0 | _aEstatuto tributario 2010 y sus reglamentos | |
| 260 | _c2010 | ||
| 264 | _aBogotá Colombia : Temis | ||
| 942 |
_2ddc _cBKS |
||
| 999 |
_c13532 _d13532 |
||